|
|
|
|
| LEADER |
00000cam a2200000 a 4500 |
| 001 |
vtls001319383 |
| 003 |
SK-MaSNL |
| 005 |
20260302033150.0 |
| 008 |
251029s1998 xo 000 0 slo |
| 015 |
|
|
|a SNBA1998/05-01607
|
| 020 |
|
|
|a 8085405814
|q (brož.)
|
| 035 |
|
|
|a SNK000271976
|
| 035 |
|
|
|a urn:nbn:sk:snk-amku7q
|
| 035 |
|
|
|a urn:nbn:sk:snk-am004q5a
|
| 035 |
|
|
|a D7981AD4-59F6-4340-A304-C07AF8759FA7
|
| 040 |
|
|
|a SNK
|b slo
|c SNK
|e AACR2
|
| 041 |
1 |
|
|a slo
|h ita
|
| 044 |
|
|
|a xo
|c SK
|
| 080 |
|
|
|a 265.2
|2 1981
|
| 100 |
1 |
|
|a Viganó, Angelo
|4 aut
|9 47603
|
| 240 |
1 |
3 |
|a La Confermazione o Cresima
|l Slovensky
|
| 245 |
1 |
0 |
|a Birmovanie
|c Angelo Viganó ; [z talianskeho originálu preložil Rafael Černý, Štefan Sandtner]
|
| 260 |
|
|
|a Bratislava
|b Don Bosco
|c 1998
|
| 300 |
|
|
|a 32 s.
|c 20 cm
|
| 490 |
1 |
|
|a Kto je Svätý Duch?
|v zv. 5
|
| 500 |
|
|
|a Údaj o prekl. prevzatý z rubu tit. strany
|
| 650 |
0 |
7 |
|a sviatosti
|x výklady
|2 SNKPH
|9 513630
|
| 650 |
0 |
7 |
|a birmovanie (sviatosť)
|x výklady
|2 SNKPH
|9 583523
|
| 655 |
|
7 |
|a príručky
|2 SNKPH
|9 74364
|
| 700 |
1 |
|
|a Černý, Rafael
|4 trl
|9 284053
|
| 700 |
1 |
|
|a Sandtner, Štefan,
|d 1916-2006
|4 trl
|9 257645
|
| 830 |
|
0 |
|a Kto je Svätý Duch?
|9 384545
|
| 919 |
|
|
|a 80-85405-81-4
|
| 958 |
|
|
|a SK
|
| 958 |
|
|
|a OP
|
| 958 |
|
|
|a NT
|
| 968 |
|
|
|a SLO
|b IT
|
| 999 |
|
|
|c 1060430
|d 1062360
|
| 952 |
|
|
|t P60, <03>, [BOOK], {603}
|a SNK
|b SNK
|y PREZ
|7 0
|p 17A0122061
|o snkSD 69233
|i snkKSP 1261/98
|0 0
|1 0
|4 0
|d 1998-02-09
|l 0
|r 2005-01-02 00:00:00
|w 2026-02-24
|
| 952 |
|
|
|t P60, <04>, [BOOK], {604}
|a SNK
|b SNK
|y VYP
|7 0
|p 17A0122062
|o snkSD 69233 D1
|i snkKSP 1262/98
|0 0
|1 0
|4 0
|d 1998-02-09
|f 1
|l 0
|r 2005-01-02 00:00:00
|w 2026-02-24
|